Statystyki dla Czy znasz wszystkie europejskie stolice?

Kliknij tutaj aby rozwiązać quiz!

Ogólne statystyki

  • Ten quiz został rozwiązany 30,714 razy
  • Średni wynik to 34 z 47

Statystyki odpowiedzi

Hint Answer % Correct
PolskaWarszawa
99%
Wielka BrytaniaLondyn
98%
WłochyRzym
97%
HiszpaniaMadryt
97%
NiemcyBerlin
95%
CzechyPraga
94%
RosjaMoskwa
94%
WatykanWatykan
93%
GrecjaAteny
93%
UkrainaKijów
92%
AustriaWiedeń
92%
FrancjaParyż
92%
HolandiaAmsterdam
90%
PortugaliaLizbona
89%
NorwegiaOslo
89%
MonakoMonako
85%
BelgiaBruksela
85%
FinlandiaHelsinki
84%
San MarinoSan Marino
83%
IrlandiaDublin
81%
WęgryBudapeszt
81%
LitwaWilno
80%
LuksemburgLuksemburg
77%
BiałoruśMińsk
77%
SzwecjaSztokholm
74%
DaniaKopenhaga
73%
AndoraAndorra la Vella
73%
TurcjaAnkara
70%
ŁotwaRyga
70%
RumuniaBukareszt
69%
SzwajcariaBerno
68%
SłowacjaBratysława
66%
BułgariaSofia
65%
ChorwacjaZagrzeb
65%
EstoniaTallinn
58%
Bośnia i HercegowinaSarajewo
56%
AlbaniaTirana
53%
MacedoniaSkopje
51%
SerbiaBelgrad
49%
LiechtensteinVaduz
48%
CyprNikozja
45%
MaltaValletta
44%
MołdawiaKiszyniów
44%
SłoweniaLublana
38%
IslandiaReykjavik
37%
KosowoPrisztina
34%
CzarnogóraPodgorica
32%

Rozkład punktacji

Percentyl według liczby udzielonych odpowiedzi

Procent ludzi z każdym wynikiem

Twoja historia wyników

Nie rozwiązałeś tego quizu